| 000 | 01128nam a2200253Ia 4500 | ||
|---|---|---|---|
| 003 | IN-BaIIA | ||
| 008 | 211028s9999 xx 000 0 eng d | ||
| 020 | _a978-1-583812-29-7 | ||
| 040 | _cIIA Library | ||
| 080 |
_a082.2:52 _bASP-361 |
||
| 111 |
_aConference on Active OB-Stars-Laboratories For Stellar and Circumstellar Physics _cJapan _d2005 Aug. 29- Sep. 2 _931826 |
||
| 245 | 0 |
_aActive OB-stars-laboratories for stellar and circumstellar physics _bproceeding of a conference held in Sapporo, Japan, 29 Aug - 2 Sep 2005 _cedited by Stanislav Stefl, S. P. Owocki and A. T. Okazaki |
|
| 260 |
_aSan Francisco _bAstronomical Society of the Pacific _c2007 |
||
| 300 | _axxiv, 573p. | ||
| 490 | _aASP conference series; v. 361 | ||
| 650 |
_aActive OB-stars - congresses _931827 |
||
| 650 |
_aCircumstellar disks - congresses _931828 |
||
| 650 |
_aDynamical processes - congresses _931829 |
||
| 650 |
_aStellar physics - congresses _931830 |
||
| 700 |
_aOkazaki, A. T., ed. _931831 |
||
| 700 |
_aOwocki, S. P., ed. _931832 |
||
| 700 |
_aStefl, Stanislav, ed. _931833 |
||
| 942 | _cBK | ||
| 999 |
_c16976 _d16976 |
||